Responses for Show #6733 - Wednesday, December 18, 2013

Contestants

[<< previous game]

Varun Shekhar, a graduate student in engineering and law from Northville, Michigan

Curtis Morales, an analytics engineer from Washington, D.C.

Matthew Church, a medical student from Prince George, British Columbia, Canada (whose 2-day cash winnings total $29,000)

[next game >>]

Jeopardy! Round responses

A LITTLE SOMETHING SWEET
D.C. TV
"M" STATE
BOMB
ADJECTIVES FOR YOUR RESUMÉ
GOD SAID UNTO THEE...
(Alex: You have to identify the individual God was speaking to.)
    $200 1
champagne

Matthew
    $200 28
[The end-of-round signal sounds.]

The West Wing

Curtis
    $200 18
Maine

Varun
    $200 24
the University of Wisconsin

Varun
    $200 9
talented

Varun
    $400 2
cupcakes

Varun
    $400 27
Veep

Curtis
    $400 19
Minnesota

Matthew
    $400 25
a hydrogen bomb

Matthew
    $400 10
(Curtis: What is negative?)

positive

CurtisVarun
    $600 3
ladyfingers

Matthew
    $600 6
Murphy Brown

Curtis
    $600 20
Michigan

Matthew
    $600 16
(Curtis: What is a pineapple?)

the pomegranate

Curtis
Triple Stumper
    $600 8
professional

Varun
    $600 13
Noah

Curtis
    $800 4
(Curtis: What are three sugars?)

three milks

MatthewCurtis
    $800 7
Scandal

Curtis
    $2,400 21
Montana

Matthew
    $800 17
a dive bomber

Matthew
    $800 11
(Varun: What is prepared?)

trustworthy

Varun
Triple Stumper
    $800 14
Cain

Curtis
    $1000 5
Jordan almonds

Curtis
    $1000 23
(Alex: Right with a minute to go.)

the KGB

Matthew
    $1000 22
Maryland

Curtis
    $1000 26
a petard

Curtis
    $1000 12
passionate

Curtis
    $1000 15
Joshua

Curtis

Scores at the first commercial break (after clue 15):

Matthew Curtis Varun
$1,600 $4,600 $800

Scores at the end of the Jeopardy! Round:

Matthew Curtis Varun
$7,200 $6,600 $1,200

Double Jeopardy! Round responses

LONDON MONUMENTS
THAT'S BRAVE TALK
FILM COMPOSERS
SCIENTISTS
12-LETTER WORDS
CABINET DEPARTMENT BY COPS
    $400 8
Buckingham Palace

Matthew
    $400 21
brave new world

Matthew
    $400 28
John Williams

Matthew
    $400 1
(Gregor) Mendel

Curtis
    $400 18
denomination

Matthew
    $400 6
Treasury

Curtis
    $800 9
Horatio Nelson

Curtis
    $800 22
(Curtis: Who is Monroe?)

Jefferson

MatthewCurtis
    $800 29
[The end-of-round signal sounds.]

Warner Bros.

Varun
    $800 2
(Jane) Goodall

Varun
    $800 19
pyrotechnics

Matthew
    $800 15
State

Curtis
    $1200 10
Wellington

Matthew
    $1200 23
the Aeneid

Matthew
    $2,000 25
(Curtis: Who is...)
(Alex: Say something.)
(Curtis: Who is--got nothing.)
...
(Alex: Less than
a minute now.)

Randy Newman

Curtis
    $1,500 3
Newton

Varun
    $1200 13
(Varun: What is parasailing?)
(Matthew: What is kiteboarding?)

sailboarding

MatthewVarun
Triple Stumper
    $1200 7
Justice

Matthew
    $1600 11
the Great Fire

Varun
    $1600 24
the Peloponnesian War

Curtis
    $1600 26
Henry Mancini

Triple Stumper
    $1600 4
(Alfred) Kinsey

Varun
    $1600 14
a cumulonimbus

Varun
    $1600 16
Interior

Varun
    $2000 12
(Matthew. What is the Admirality?)
...
(Alex: You added one syllable too much there, Matthew.)

the Admiralty

MatthewCurtis
    $2000 27
Oscar Wilde

Curtis
    $2000 5
Blaise Pascal

Triple Stumper
    $2000 20
cinémathèque

Triple Stumper
    $2000 17
Agriculture

Triple Stumper

Scores at the end of the Double Jeopardy! Round:

Matthew Curtis Varun
$10,800 $11,800 $9,500

[wagering suggestions for these scores]

Final Jeopardy! Round responses

CHILDREN'S LITERATURE
(Alex: [To Curtis] No. We're talking about [*]'s Web. [*]'s Web. Aranea--an old word for "spider". Spider genus.)
VarunWho is ____ ?
$2,301
MatthewWho is Mother Goose
$8,300
CurtisWho is ?
$9,801
Charlotte

Final scores:

Matthew Curtis Varun
$2,500 $1,999 $7,199
2nd place: $2,000 3rd place: $1,000 New champion: $7,199

Game dynamics:

Coryat scores:

Matthew Curtis Varun
$9,200 $13,800 $9,200
18 R
(including 1 DD),
2 W
18 R,
5 W
(including 1 DD)
13 R
(including 1 DD),
2 W

Combined Coryat: $32,200

[game clues] [game scores] [suggest correction]

Game tape date: 2013-10-01
The J! Archive is created by fans, for fans. Scraping, republication, monetization, and malicious use prohibited; this site may use cookies and collect identifying information. See terms. The Jeopardy! game show and all elements thereof, including but not limited to copyright and trademark thereto, are the property of Jeopardy Productions, Inc. and are protected under law. This website is not affiliated with, sponsored by, or operated by Jeopardy Productions, Inc. Join the discussion at JBoard.tv.